| 000 | 01398nam0a2200349 4500 | ||
|---|---|---|---|
| 001 | RU\NLR\BIBL_A\022428279 | ||
| 005 | 20260420024236.0 | ||
| 010 |
_a978-5-7164-1431-0 _91000 |
||
| 021 |
_aRU _bКН-П-24-073465 _9КН-П-24-7346 |
||
| 035 | _a(NLR Aleph) 022428279 | ||
| 090 |
_a13670836 _c13670836 |
||
| 100 | _a20250116d2024 u y0rusy50 ca | ||
| 101 | 0 | _arus | |
| 102 | _aRU | ||
| 105 | _ay z 000yy | ||
| 181 | 0 |
_ai _baxxe |
|
| 182 | 0 | _an | |
| 200 | 1 |
_aСубординация требований кредиторов _fР. К. Лотфуллин |
|
| 203 |
_aТекст _bвизуальный _cнепосредственный |
||
| 210 |
_aМосква _cSaveliev Batanov & Partners _d2024 |
||
| 215 |
_a176 с. _d24 |
||
| 300 | _aНа обороте тит. с. авт.: Р. К. Лотфуллин - канд. юрид. наук | ||
| 320 | _aБиблиогр. в тексте и в подстроч. примеч. | ||
| 606 | 1 |
_aБанкротство _xСудебная практика _yРоссийская Федерация _92441307 _3RU\NLR\AUTH\661452320 |
|
| 606 | 1 |
_aКредиторы _xЗащита прав _92141904 _3RU\NLR\AUTH\661595416 |
|
| 686 | 1 | _aХ629.218.94 | |
| 686 | 1 | _aХ623.012.01 | |
| 700 | 1 |
_aЛотфуллин _bР. К. _gРадик Кашифович |
|
| 942 | _cBOOK | ||
| 980 | _aNB | ||